|
|
|
|
| LEADER |
00000cam a2200000 a 4500 |
| 001 |
vtls010612273 |
| 003 |
SK-MaSNL |
| 005 |
20260302013345.0 |
| 008 |
240318s2014 xo o g hi 001 0bslo |
| 015 |
|
|
|a SNBA2014/09
|
| 020 |
|
|
|a 9788055140285
|q (viaz.)
|
| 035 |
|
|
|a 54B31EEB-071C-46C2-B7DB-E8CB202AE89E
|
| 035 |
|
|
|a urn:nbn:sk:snk-amkct3
|
| 035 |
|
|
|a urn:nbn:sk:snk-am003qsz
|
| 040 |
|
|
|a SNK
|b slo
|c SNK
|e AACR2
|
| 041 |
1 |
|
|a slo
|h ger
|
| 043 |
|
|
|a e-gx---
|
| 044 |
|
|
|a xo
|c SK
|
| 072 |
|
7 |
|a 796
|x Šport. Hry. Telesné cvičenia
|2 konspekt
|
| 072 |
|
7 |
|a 929
|x Biografie
|2 konspekt
|
| 080 |
|
|
|a 796.71.093.52
|2 2001
|
| 080 |
|
|
|a 796.71
|2 2001
|
| 080 |
|
|
|a 796.71.071.2
|2 2001
|
| 080 |
|
|
|a 929
|2 2001
|
| 080 |
|
|
|a (430)
|2 2001
|
| 080 |
|
|
|a (092)
|2 2001
|
| 100 |
1 |
|
|a Sturm, Karin
|4 aut
|9 656589
|
| 240 |
1 |
0 |
|a Michael Schumacher: Die Biografie
|l Slovensky
|
| 245 |
1 |
0 |
|a Michael Schumacher
|c Karin Sturmová ; [z nemeckého originálu ...] preložil Dušan Dúbravský
|
| 250 |
|
|
|a 1. vyd.
|
| 260 |
|
|
|a Bratislava
|b Ikar
|c 2014
|
| 300 |
|
|
|a 286 s., [16] s. fotogr. príl.
|b fotogr.
|c 21 cm
|
| 504 |
|
|
|a Reg.: s. 280-[287]
|
| 600 |
1 |
7 |
|a Schumacher, Michael,
|d 1969-
|2 SNKMA
|9 131802
|
| 650 |
0 |
7 |
|a preteky formule 1
|2 SNKPH
|9 69303
|
| 650 |
0 |
7 |
|a automobilový šport
|2 SNKPH
|9 3266
|
| 650 |
0 |
7 |
|a automobiloví pretekári
|2 SNKPH
|9 67444
|
| 650 |
0 |
7 |
|a Grand Prix racing
|2 SNKPHeng
|9 330676
|
| 650 |
0 |
7 |
|a Motor sport
|2 SNKPHeng
|9 349915
|
| 650 |
0 |
7 |
|a Automobile racing drivers
|2 SNKPHeng
|9 330675
|
| 651 |
|
7 |
|a Nemecko
|2 SNKPH
|9 21020
|
| 651 |
|
7 |
|a Germany
|2 SNKPHeng
|9 268047
|
| 655 |
|
7 |
|a biografie
|2 SNKPH
|9 27965
|
| 655 |
|
7 |
|a Biography
|2 SNKPHeng
|9 266314
|
| 700 |
1 |
|
|a Dúbravský, Dušan
|4 trl
|9 656590
|
| 852 |
|
|
|a Štátna vedecká knižnica v Banskej Bystrici
|
| 919 |
|
|
|a 978-80-551-4028-5
|
| 958 |
|
|
|a OP
|
| 968 |
|
|
|b GER
|
| 999 |
|
|
|c 1012676
|d 1014606
|
| 952 |
|
|
|a SNK
|b SNK
|y PREZ
|7 0
|p 17A1114412
|o snkSC 160714
|i snk2014/17835
|8 0
|0 0
|1 0
|4 0
|d 2014-09-02
|f 1
|l 0
|r 2025-08-22 00:00:00
|w 2026-02-24
|
| 952 |
|
|
|a SNK
|b SNK
|y VYP
|7 0
|p 17A1114413
|o snkSC 160714 D1
|i snk2014/17837
|8 0
|0 0
|1 0
|4 0
|d 2014-09-02
|l 0
|r 2026-02-24 12:58:21
|w 2026-02-24
|